Statistics for Taylor Swift - Foolish One Lyrics

Click here to take the quiz!

General Stats

  • This quiz has been taken 114 times
    (105 since last reset)
  • The average score is 401 of 470

Answer Stats

Answer% Correct
on
100%
one
100%
Foolish
98%
And
96%
and
96%
I
96%
the
96%
The
96%
Ain't
94%
ain't
94%
come
94%
confessions
94%
for
94%
gonna
94%
love
94%
never
94%
of
94%
Stop
94%
stop
94%
That
94%
will
94%
You
94%
"You
94%
you
94%
your
94%
are
92%
checkin'
92%
do
92%
in
92%
my
92%
My
92%
No
92%
not
92%
to
92%
cards
90%
got
90%
he
90%
He
90%
learn
90%
mailbox
90%
table
90%
hand
88%
lesson"
88%
lesson
88%
me
88%
say
88%
yours
88%
but
87%
But
87%
hard
87%
head
87%
is
87%
way
87%
best
85%
down
85%
exception
85%
then
85%
when
85%
When
85%
already
83%
chances
83%
Chances
83%
just
83%
keep
83%
long
83%
plans
83%
you've
83%
again
81%
'Cause
81%
had
81%
Oh
81%
oh
81%
out
81%
see
81%
voices
81%
you're
81%
could
79%
get
79%
her
79%
how
79%
"How
79%
i'm
79%
know
79%
myself
79%
sleep
79%
tonight
79%
finally
77%
intentions
77%
la
77%
La
77%
mine
77%
now
77%
Now
77%
take
77%
waitin'
77%
walkin'
77%
what
77%
call
75%
I'll
75%
like
75%
maybe
75%
something
75%
telling
75%
act
73%
attention
73%
day
73%
Don't
73%
enough
73%
give
73%
hands
73%
high
73%
It
73%
ring
73%
talk
73%
too
73%
wasn't
73%
wings
73%
with
73%
arm
71%
bulletproof
71%
can't
71%
hopes
71%
instead
71%
she'll
71%
thinkin'
71%
this
71%
This
71%
about
69%
around
69%
fine
69%
said
69%
seem
69%
shoulder
69%
these
69%
They
69%
we're
69%
laugh
67%
you'll
67%
all
65%
block
65%
glances
65%
it's
65%
longing
65%
reason
65%
Sayin'
65%
signs?"
65%
wall
65%
he's
63%
something's
63%
watching
63%
we'll
63%
why
63%
done
62%
forget
62%
news
62%
situation
62%
thoughts
62%
written
62%
called
60%
coffee
60%
every
60%
mention
60%
older
60%
or
60%
delicate
58%
haven't
58%
mornin'
58%
Over
58%
screamin'
58%
starts
58%
while
58%
Wishful
58%
should've
56%
goodbye
54%
right
54%
waiting
54%
been
52%
silence
52%
slidin'
52%
someday
52%
Sittin'
50%
'round
40%

Score Distribution

Percentile by Number Answered

Percent of People with Each Score

Your Score History

You have not taken this quiz since the last reset